Hướng dẫn từng bước sử dụng Microsoft Windows 2000 professional

Đã lưu trong:
Chi tiết về thư mục
Định dạng: Sách
Được phát hành: Thống kê 2000
Các nhãn: Thêm thẻ
Không có thẻ, Là người đầu tiên thẻ bản ghi này!
Thư viện lưu trữ: Mạng thư viện Đại học Đà Nẵng
LEADER 00556nam a2200217 a 4500
001 000028879
003 834
005 20171030145630.0
008 171030s2000
020 |c 36000 
040 |a LTT 
082 0 |a 005,3  |b Hư-D 
245 0 0 |a Hướng dẫn từng bước sử dụng Microsoft Windows 2000 professional  |c VN-Guide dịch. 
260 |b Thống kê  |c 2000 
OWN |a LTT 
999 |a From the UDN01 
TYP |a Monograph 
TYP |a Printed language 
980 |a Mạng thư viện Đại học Đà Nẵng